000 00233nam a22000857a 4500
008 160720b xxu||||| |||| 00| 0 eng d
100 _93076
_aRamchandran K
245 _aComposite mathematics-VII
260 _aNew Delhi
_bABD Publication
_c2009
999 _c2639
_d2639